Shadows of Gods : (Record no. 143929)

MARC details
000 -LEADER
fixed length control field 00598nam a22001937a 4500
005 - DATE AND TIME OF LATEST TRANSACTION
control field 20170831110054.0
010 ## - LCCN (DPL NO)
LC control number ENG-120161
020 ## - INTERNATIONAL STANDARD BOOK NUMBER
Terms of availability 900.00
035 ## - SYSTEM CONTROL NUMBER
System control number EN-103693
037 ## - SOURCE OF ACQUISITION
Source of stock number/acquisition DBAD/PUB
082 ## - DEWEY DECIMAL CLASSIFICATION NUMBER
Classification number 230.1
100 ## - MAIN ENTRY--PERSONAL NAME
Personal name Sricandane, Gopinath
245 ## - TITLE STATEMENT
Title Shadows of Gods :
Statement of responsibility, etc by Gopinath Sricandane
Remainder of title an archive and its images /
260 ## - PUBLICATION, DISTRIBUTION, ETC. (IMPRINT)
Place of publication, distribution, etc Pondicherry
Name of publisher, distributor, etc Institut Francais de Pondichery
Date of publication, distribution, etc 2016
270 ## - ADDRESS
Address 11, St. Louis Street
City Pondicherry
Postal code 605001
300 ## - PHYSICAL DESCRIPTION
Extent x,83p. :
Dimensions 23cm(pbk)
Other physical details ill.
500 ## - GENERAL NOTE
General note Includes references
942 ## - ADDED ENTRY ELEMENTS (KOHA)
Source of classification or shelving scheme Dewey Decimal Classification
Item type English Books
Classification part 230.1
Call number suffix SRI
Holdings
Withdrawn status Lost status Not for loan Collection code Home library Current library Date acquired Source of acquisition Cost, normal purchase price Full call number Barcode Copy number Cost, replacement price Koha item type
    Not For Loan Non-fiction D.B.Act.Division D.B.Act.Division 30/08/2017 DBAD/PUB 900.00 230.1 SRI EN-103693 1 900.00 English Books

© Delhi Public Library
Hit Counter
free hit counter